00889nam a2200253Ia 4500003000400000005001700004008004100021020001500062040001800077041000800095082001800103100003300121245006800154250001200222260004400234300003300278440000600311650005100317650003300368650005500401942002700456999001900483952013300502OSt20260121110008.0210716s2000 xx 000 0 und d a0074630172 cAIMIT LIBRARY aeng a657 22bMUKA aMukherjee, Amitabha.9252053 aModern accountancy /cBy Amitabha Mukherjee and Mohammed Hanif. a2nd ed. aNew Delhi :bTata Mc Graw Hill ,c2000. axvi,37.74,vi p.;bPBc25 cm. v1 aAccounting concepts bases and policies9252054 aConsignment accounts9252055 aManufacturing accounts and cost statements9252056 2ddccBKe2ndk657 MUKA c187383d187383 001040708MCAaAIMITbAIMITeHigginbothams Pvt Ltdg350.00l0o657 MUKApMCA06891r2025-07-21 00:00:00v297.50w2021-07-16yBK